Geografía por Letra - G - Estadísticas

Estadísticas generales
  • Esta prueba ha sido intentada 8.665 veces
  • La puntuación promedio es 14 de 22
Estadísticas de respuestas
Pista Respuesta % Correcto
País en Sudamérica Guyana
95%
País en Centroamérica Guatemala
93%
La isla más grande del mundo Groenlandia
92%
La isla más grande de este país es Creta Grecia
88%
Estrecho que separa España y Marruecos Gibraltar
84%
Un estado de EE. UU. o un país caucásico Georgia
79%
Sopa de tomate española, servida fría Gazpacho
74%
Ubicación de la pirámide egipcia Giza
70%
Entrada de mar similar a una bahía Golfo
65%
La ciudad más grande de Escocía Glasgow
64%
Cadena de islas ecuatorianas Galápagos
61%
El río más sagrado del hinduismo Ganges
61%
Capital de la respuesta anterior Georgetown
61%
Puente más famoso de California Golden Gate
59%
Desierto en China Gobi
57%
Nombre italiano equivalente a Juan Giovanni
55%
La segunda área metropolitana más grande de México Guadalajara
54%
Pequeño territorio estadounidense en el Pacífico Guam
53%
Huron, Superior, Michigan, etc... Grandes Lagos
36%
Capital de Burundi Gitega
30%
La segunda ciudad más grande de Suecia Gotemburgo
30%
Sitio de Pensilvania de una batalla de la Guerra Civil estadounidense en 1863 Gettysburg
17%
No se encontraron pruebas coincidentes
Distribución de puntuación
Porcentaje de gente con cada puntuación
Porcentaje por número respondido
Historial de tus puntuaciones
No has intentado esta prueba.